<?xml version="1.0" encoding="UTF-8"?>
<marc:record xmlns:marc="http://www.loc.gov/MARC21/slim">
   <marc:leader>00000nam a2200000 a 4500</marc:leader>
   <marc:datafield ind1="1" ind2=" " tag="100">
      <marc:subfield code="a">Lamballe, Marie</marc:subfield>
      <marc:subfield code="4">aut</marc:subfield>
      <marc:subfield code="e">Verfasser/-in</marc:subfield>
   </marc:datafield>
   <marc:datafield ind1=" " ind2=" " tag="653">
      <marc:subfield code="a">Familie</marc:subfield>
   </marc:datafield>
   <marc:datafield ind1=" " ind2=" " tag="653">
      <marc:subfield code="a">Weltkrieg 1939-1945</marc:subfield>
   </marc:datafield>
   <marc:datafield ind1=" " ind2=" " tag="653">
      <marc:subfield code="a">Deutschland</marc:subfield>
   </marc:datafield>
   <marc:datafield ind1="0" ind2="0" tag="245">
      <marc:subfield code="a">Schicksalhafte Jahre</marc:subfield>
   </marc:datafield>
   <marc:datafield ind1="0" ind2="0" tag="245">
      <marc:subfield code="b">Roman</marc:subfield>
   </marc:datafield>
   <marc:datafield ind1=" " ind2="1" tag="264">
      <marc:subfield code="b">Bastei Lübbe Taschebuch</marc:subfield>
      <marc:subfield code="c">2019</marc:subfield>
   </marc:datafield>
   <marc:datafield ind1="1" ind2=" " tag="490">
      <marc:subfield code="a">Café Engel</marc:subfield>
   </marc:datafield>
   <marc:datafield ind1="1" ind2=" " tag="520">
      <marc:subfield code="a">Klappentext: Wiesbaden, 1951. Das Café Engel hat Konkurrenz bekommen. Neben dem Traditionscafé der Familie Koch hat sich das modernere Café König niedergelassen. Während Hilde Koch vergeblich versucht, ihre Eltern von einer Modernisierung des Cafés zu überzeugen, droht auch ihre hart erkämpfte große Liebe zu scheitern. Um das Glück ihres Bruders August steht es nicht besser. Nach seiner Rückkehr aus russischer Kriegsgefangenschaft fällt seine Wahl ausgerechnet auf eine junge Russin, deren Ankunft die Familie zu spalten droht ...  Über den Autor und weitere Mitwirkende Marie Lamballe wuchs in einer Theaterfamilie auf - beide Eltern waren Schauspieler am Wiesbadener Staatstheater. Sie studierte Literatur und Sprachen, legte die Prüfungen für das Lehramt an Gymnasien ab, wurde jedoch durch den Einstellungsstopp an hessischen Schulen vor einer Karriere als Lehrerin bewahrt. Stattdessen begann sie zu schreiben, zunächst Kurzgeschichten, später Theaterstücke, Drehbücher und Romane. Inzwischen lebt sie als freie Autorin in der Nähe von Frankfurt am Main und hat unter verschiedenen Pseudonymen zahlreiche Romane - darunter mehrere Bestseller - veröffentlicht.</marc:subfield>
   </marc:datafield>
   <marc:datafield ind1=" " ind2=" " tag="020">
      <marc:subfield code="a">9783404178339</marc:subfield>
      <marc:subfield code="9">9783404178339</marc:subfield>
   </marc:datafield>
</marc:record>
